00474nam a2200133 a 4500008004100000020001800041050002000059100001800079245008600097260006000183300002200243650004000265650003500305161010s2011 ||||||||||||||||| || u a9780864867414 aHD 6948.M72 NKO aNkosi, Morley10aMining deep: the origins of the labour structure in South AfricacBy Morley Nkosi aClaremont, South Africa:bDavid Philip Publishersc2011 axvii, 331p.: ill. aMINERS--LABOUR UNIONS--SOUTH AFRICA aMINNERS--SOUTH AFRICA--HISTORY